| 000 | 00548nam a22001937a 4500 | ||
|---|---|---|---|
| 003 | OSt | ||
| 005 | 20230630025416.0 | ||
| 008 | 230630b |||||||| |||| 00| 0 eng d | ||
| 020 | _a9788122417791 | ||
| 040 |
_aMMU _beng _cMMU _dMMU |
||
| 050 | _aTP370 .F66 2020 | ||
| 100 | _aMudambi , Sumati R | ||
| 245 |
_aFood science/ _cSumati R Mudambi ..[et...al.]. |
||
| 250 | _aRevised second edition | ||
| 260 |
_aLondon: _bNew age international, _c2020 |
||
| 300 |
_axviii, 224p. : _bill, ; |
||
| 650 | _afood science | ||
| 942 |
_2lcc _cLOAN LOAN _e2nd ed. |
||
| 999 |
_c32606 _d32603 |
||